banner koha

Effect of pregnancy and correlation of weight and heart rate with electrocardiographic parameters in the American Miniature Horse (Registro n. 329607)

MARC details
000 -LÍDER
fixed length control field 04325nab a2200361 i 4500
003 - CÓDIGO MARC DA AGÊNCIA CATALOGADORA
Campo de controle BR-BrBNA
005 - DATA E HORA DA ÚLTIMA ATUALIZAÇÃO
Campo de controle 20250117114803.0
008 - CAMPO DE TAMANHO FIXO
fixed length control field 250117b2016 bl.|r|pooa||| 00| 0 eng |
040 ## - FONTE DA CATALOGAÇÃO
Agência catalogadora BR-BrBNA
Idioma da catalogação eng
072 ## - CATEGORIA AGRIS
Código AGRIS L70
Código do objeto 5120
072 ## - CATEGORIA AGRIS
Código AGRIS L53
100 ## - ENTRADA PRINCIPAL - NOME PESSOAL
Nome pessoal Santarosa, B.P.
100 ## - ENTRADA PRINCIPAL - NOME PESSOAL
Nome pessoal Lourenço, M.L.G.
100 ## - ENTRADA PRINCIPAL - NOME PESSOAL
Nome pessoal Dantas, G.N.
100 ## - ENTRADA PRINCIPAL - NOME PESSOAL
Nome pessoal Ulian, C.M.V.
100 ## - ENTRADA PRINCIPAL - NOME PESSOAL
Nome pessoal Heckler, M.C.T.
100 ## - ENTRADA PRINCIPAL - NOME PESSOAL
Nome pessoal Sudano, M.J.
100 ## - ENTRADA PRINCIPAL - NOME PESSOAL
Nome pessoal Gonçalves, R.C.
100 ## - ENTRADA PRINCIPAL - NOME PESSOAL
Nome pessoal Chiacchio, S.B.
245 ## - TÍTULO PRINCIPAL
Título principal Effect of pregnancy and correlation of weight and heart rate with electrocardiographic parameters in the American Miniature Horse
500 ## - NOTA GERAL
Nota geral Publicação online; 18 ref.; 3 tables; Summaries (En, Pt)
942 ## - ADDED ENTRY ELEMENTS (KOHA)
Koha item type Analítica
520 ## - NOTA DE RESUMO
Nota de conteúdo <br/><br/><br/>ABSTRACT - - There are studies on electrocardiogram (ECG) in several breeds of horses, which highlights the growing importance of cardiology in this species. But few authors have addressed the influence of pregnancy on the cardiac physiology of the mare, and specifically, there are no studies on the Mini-horse breed, as well as no correlation of body weight (BW) and heart rate (HR) with electrocardiographic parameters in this breed. The aims of this study were to determine the effects of pregnancy on ECG parameters and to examine the relationships between these variables and body weight (BW) and heart rate (HR). A total of 203 animals were used, including 143 females (66 pregnant) and 60 males. Electrocardiographic examinations were performed by computerized electrocardiogram (TEB), and the parameters were evaluated in six leads in the frontal plane (Lead I, II, III, aVR, aVL and aVF) and base-apex (BA). BW was inversely proportional to HR, which in turn showed an inverse relationship with the duration of the P-wave and the PR and QT intervals. The P-wave amplitude (lead II) was higher in pregnant animals than in non-pregnant animals. The effect of reproductive status should be monitored by ECG throughout the entire gestational period. The 66 pregnant mares in this study were examined during the first third of their pregnancies, thus, few differences were observed between pregnant and non-pregnant animals.<br/><br/><br/>Keywords: horse, body weight, cardiology, heart rate, pregnancy
520 ## - NOTA DE RESUMO
Nota de conteúdo <br/><br/><br/>RESUMO - Existem estudos sobre eletrocardiograma (ECG) em diversas raças de equinos, o que ressalta a crescente relevância da cardiologia nessa espécie. Porém, poucos autores abordaram a influência da gestação na fisiologia cardíaca da égua, e, especificamente, não há trabalhos sobre a raça Mini-horse, assim como não há correlação do peso vivo (PV) e frequência cardíaca (FC) com os parâmetros eletrocardiográficos nessa raça. O objetivo deste estudo foi estudar a influência da prenhez sobre os parâmetros eletrocardiográficos, além de verificar a correlação do PV e FC com essas variáveis. Utilizaram-se 203 animais dessa raça, hígidos, sendo 143 fêmeas (66 prenhes) e 60 machos. Os exames eletrocardiográficos foram realizados por eletrocardiograma computadorizado (TEB), e os parâmetros foram avaliados em seis derivações do plano frontal (I, II, III, aVR, aVL e aVF) e base-ápice. O PV foi inversamente proporcional à FC, que também mostrou relação inversa com a duração da onda P e os intervalos PR e QT. Na derivação II, a amplitude da onda P foi maior nos animais prenhes do que vazios. No entanto, sugere-se que a influência do estado reprodutivo seja estudada de forma progressiva pelo acompanhamento de todo o período gestacional, visto que as 66 éguas estudadas se apresentavam no terço inicial da prenhez, portanto poucas diferenças foram observadas entre animais prenhes e vazios.<br/><br/><br/>Palavras-chave: equinos, cardiologia, frequência cardíaca, gestação, peso corporal
650 ## - ASSUNTO - THESAGRO
Cabeçalho tópico ou nome geográfico ÉGUA
650 ## - ASSUNTO - THESAGRO
Cabeçalho tópico ou nome geográfico PESO
650 ## - ASSUNTO - THESAGRO
Cabeçalho tópico ou nome geográfico ELETROCARDIOGRAMA
650 ## - ASSUNTO - THESAGRO
Cabeçalho tópico ou nome geográfico PRENHEZ
650 ## - ASSUNTO - THESAGRO
Cabeçalho tópico ou nome geográfico VETERINÁRIA
773 0# - ENTRADA ANALÍTICA
Host Biblionumber 1643
Registro do item 347391
Imprenta Belo Horizonte-MG Universidade Federal de Minas Gerais - Escola de Veterinaria 1983
Outro identificador 2024-8404
Título Arquivo Brasileiro de Medicina Veterinária e Zootecnia (Brazil)
ISSN 0102-0935
Colação v. 68(3) p. 579-586; (2016)
Número de controle de registro BR2024004452
856 ## - ACESSO E ENDEREÇO ELETRÔNICO
Identificador uniforme de recurso - URI https://www.scielo.br/j/abmvz/a/NxPFSKLchMBm74YJ3MGdZmy/?format=pdf&lang=en

Nenhum exemplar disponível.

BINAGRI

Telefone: (61)3218-2567/2388/3357/2097 - binagri@agro.gov.br

Ministério da Agricultura e Pecuária , Esplanada dos Ministérios, Bloco D, Anexo B, Brasília/DF, CEP: 70.043-900